000
00271nam a22001217a 4500
082
_a
891.4393 IBN
100
_a
Ibn-e-Inshah
245
_a
Nagri nagri phira musafir
260
_a
Lahore
_b
Lahore Acadey
_c
1989
300
_a
192p. :
_e
22 cm
700
_a
Fiction
942
_c
BK
999
_c
12193
_d
12193